[Event "Moscow-ch sf"]
[Site "Moscow"]
[Date "2011.03.27"]
[Round "9"]
[White "Erofeev, Alexey"]
[Black "Yudkevich, Mikhail"]
[Result "1-0"]
[WhiteElo "2272"]
[BlackElo "2155"]
[PlyCount "71"]
[EventDate "2011.03.13"]
[EventType "swiss"]
[EventRounds "9"]
[EventCountry "RUS"]
[SourceTitle "CBM 141 Extra"]
[Source "ChessBase"]
[SourceDate "2011.05.03"]
[SourceVersion "1"]
[SourceVersionDate "2011.05.03"]
[SourceQuality "1"]

1. Nf3 d5 2. c4 e6 3. g3 Nf6 4. Bg2 Be7 5. 0-0 0-0 6. d4 c6 7. Qc2 Nbd7 8. Rd1 b6 9. Nc3 Ba6 10. b3 Rc8 11. e4 dxc4 12. e5 Nd5 13. bxc4 Bxc4 14. Ne4 b5 15. Neg5 g6 16. h4 Nb4 17. Qd2 Nd3 18. Bf1 Nxc1 19. Bxc4 bxc4 20. Raxc1 c5 21. d5 exd5 22. Qxd5 Nb6 23. Qe4 Qe8 24. e6 Bxg5 25. Nxg5 fxe6 26. Qb7 Rf7 27. Nxf7 Qxf7 28. Qxc8+ Nxc8 29. Rd8+ Kg7 30. Rxc8 Qb7 31. Rxc5 Qb2 32. Rc7+ Kf6 33. R1xc4 Qxa2 34. Rf4+ Ke5 35. Rxh7 g5 36. Rh5 1-0

[Event "Moscow-ch sf"]
[Site "Moscow"]
[Date "2011.03.17"]
[Round "3"]
[White "Erofeev, Alexey"]
[Black "Stukopin, Andrey"]
[Result "1/2-1/2"]
[WhiteElo "2272"]
[BlackElo "2475"]
[PlyCount "99"]
[EventDate "2011.03.13"]
[EventType "swiss"]
[EventRounds "9"]
[EventCountry "RUS"]
[SourceTitle "CBM 141 Extra"]
[Source "ChessBase"]
[SourceDate "2011.05.03"]
[SourceVersion "1"]
[SourceVersionDate "2011.05.03"]
[SourceQuality "1"]

1. d4 c5 2. d5 d6 3. e4 g6 4. Nc3 Bg7 5. Nf3 Nf6 6. Bb5+ Bd7 7. a4 0-0 8. 0-0 Bxb5 9. axb5 Nbd7 10. Qe2 Nb6 11. Rd1 Nfd7 12. Bf4 Bxc3 13. bxc3 f6 14. h4 Kh8 15. Ra3 a6 16. bxa6 Rxa6 17. Rxa6 bxa6 18. Bh6 Rg8 19. Ra1 a5 20. Rxa5 Qc7 21. Ra6 Qb7 22. Qb5 Ra8 23. Ra5 Rxa5 24. Qxa5 Qa8 25. Qxa8+ Nxa8 26. Kf1 Nab6 27. Ke2 f5 28. exf5 gxf5 29. c4 Nxc4 30. Bg5 Ndb6 31. Bxe7 Nxd5 32. Bg5 Kg7 33. Bc1 h5 34. Kd3 Ndb6 35. Bg5 Nb2+ 36. Ke2 Nd5 37. Nd2 Kf7 38. f3 Nc3+ 39. Kf2 Ke6 40. Nf1 Kf7 41. Ng3 Kg6 42. Ke3 d5 43. Be7 d4+ 44. Kd2 Nba4 45. Bd6 Nd5 46. Ne2 Kf6 47. Ng3 Kg6 48. Ne2 Kf6 49. Ng3 Kg6 50. Ne2 1/2-1/2

[Event "Moscow-chT"]
[Site "Moscow"]
[Date "2010.12.11"]
[Round "3"]
[White "Gavrilov, Alexei"]
[Black "Erofeev, Alexey"]
[Result "1/2-1/2"]
[WhiteElo "2488"]
[BlackElo "2244"]
[PlyCount "106"]
[EventDate "2010.11.20"]
[EventType "team-tourn"]
[EventRounds "7"]
[EventCountry "RUS"]
[SourceTitle "CBM 139 Extra"]
[Source "ChessBase"]
[SourceDate "2011.01.05"]
[SourceVersion "1"]
[SourceVersionDate "2011.01.05"]
[SourceQuality "1"]
[WhiteTeam "Palace"]
[BlackTeam "RGSU"]
[WhiteTeamCountry "RUS"]
[BlackTeamCountry "RUS"]

1. d4 Nf6 2. Nf3 g6 3. c4 Bg7 4. Nc3 0-0 5. e4 d6 6. Be2 e5 7. 0-0 Na6 8. Re1 c6 9. Be3 Ng4 10. Bg5 Qc7 11. h3 h6 12. Bh4 exd4 13. Nxd4 Nf6 14. Qd2 Re8 15. Bf3 Nh7 16. Rad1 Ng5 17. Bxg5 hxg5 18. Qxg5 Qb6 19. Qd2 Nc5 20. h4 Qb4 21. a3 Qb6 22. h5 Nd7 23. hxg6 fxg6 24. Be2 Ne5 25. b4 a5 26. Na4 Qd8 27. b5 Qh4 28. Nf3 Nxf3+ 29. Bxf3 Be5 30. g3 Qf6 31. Qe2 Rf8 32. Nb6 Rb8 33. Nxc8 Rbxc8 34. Bg4 Rc7 35. Rd3 Rcf7 36. Rf3 Qe7 37. Rxf7 Qxf7 38. Rd1 c5 39. Kg2 Kg7 40. Rh1 Bd4 41. f3 Rh8 42. Rxh8 Kxh8 43. f4 Qe7 44. Kf3 Kg7 45. Qh2 b6 46. Qh3 Bb2 47. a4 Qf6 48. Kg2 Qd4 49. Bf3 Qd2+ 50. Kh1 Bd4 51. Qd7+ Kh6 52. Qh3+ Kg7 53. Qd7+ Kh6 1/2-1/2

[Event "St Petersburg Autumn op"]
[Site "St Petersburg"]
[Date "2010.10.22"]
[Round "7"]
[White "Bykov, Evgeny Mikhailovich"]
[Black "Erofeev, Alexey"]
[Result "1/2-1/2"]
[WhiteElo "2059"]
[BlackElo "2178"]
[PlyCount "46"]
[EventDate "2010.10.16"]
[EventType "swiss"]
[EventRounds "9"]
[EventCountry "RUS"]
[SourceTitle "EXT 2011"]
[Source "ChessBase"]
[SourceDate "2010.11.26"]
[SourceVersion "1"]
[SourceVersionDate "2010.11.26"]
[SourceQuality "1"]

1. e4 e5 2. d4 exd4 3. c3 dxc3 4. Bc4 cxb2 5. Bxb2 d5 6. Bxd5 Nf6 7. Bxf7+ Kxf7 8. Qxd8 Bb4+ 9. Qd2 Bxd2+ 10. Nxd2 Re8 11. f3 Nc6 12. Ne2 Nb4 13. 0-0 Nd3 14. Ba3 b6 15. Nc1 Ba6 16. Nxd3 Bxd3 17. Rfe1 Rad8 18. Nf1 c5 19. Ne3 g6 20. g4 Nd7 21. Kg2 Ne5 22. Rad1 Nc4 23. Bc1 Nxe3+ 1/2-1/2

[Event "Irkutsk Veda op"]
[Site "Irkutsk"]
[Date "2010.08.21"]
[Round "7"]
[White "Sorokovikov, Vasily"]
[Black "Erofeev, Alexey"]
[Result "1-0"]
[WhiteElo "1808"]
[BlackElo "2278"]
[PlyCount "83"]
[EventDate "2010.08.15"]
[EventType "swiss"]
[EventRounds "9"]
[EventCountry "RUS"]
[SourceTitle "CBM 138 Extra"]
[Source "ChessBase"]
[SourceDate "2010.10.29"]
[SourceVersion "1"]
[SourceVersionDate "2010.10.29"]
[SourceQuality "1"]

1. e4 d5 2. exd5 Nf6 3. d4 Nxd5 4. c4 Nb6 5. Nc3 e5 6. Be3 exd4 7. Bxd4 Nc6 8. Bxb6 Qxd1+ 9. Rxd1 axb6 10. a3 Be6 11. Nb5 Rc8 12. Nf3 Be7 13. Be2 Bf6 14. b4 0-0 15. 0-0 Rfd8 16. Rfe1 Rxd1 17. Rxd1 g6 18. h3 h5 19. Nd2 Ne5 20. Ne4 Bd8 21. c5 f5 22. Nd2 bxc5 23. bxc5 Be7 24. Rc1 c6 25. Nd4 Bf7 26. f4 Rd8 27. N2b3 Bxb3 28. Nxb3 Nd3 29. Rc4 Bf6 30. Bxd3 Rxd3 31. Rb4 Bb2 32. a4 h4 33. Rxb7 Bd4+ 34. Nxd4 Rxd4 35. a5 Ra4 36. Rb6 Rxa5 37. Rxc6 Kf7 38. Rc8 Ra1+ 39. Kh2 Rc1 40. c6 Rc2 41. c7 Rc3 42. Rh8 1-0

[Event "Irkutsk Veda op"]
[Site "Irkutsk"]
[Date "2010.08.17"]
[Round "3"]
[White "Kiselyov, Sergey Y"]
[Black "Erofeev, Alexey"]
[Result "1-0"]
[WhiteElo "2027"]
[BlackElo "2278"]
[PlyCount "101"]
[EventDate "2010.08.15"]
[EventType "swiss"]
[EventRounds "9"]
[EventCountry "RUS"]
[SourceTitle "CBM 138 Extra"]
[Source "ChessBase"]
[SourceDate "2010.10.29"]
[SourceVersion "1"]
[SourceVersionDate "2010.10.29"]
[SourceQuality "1"]

1. d4 Nf6 2. c4 c5 3. d5 e5 4. Nc3 d6 5. e4 Be7 6. g3 0-0 7. Bg2 Ne8 8. Nge2 g6 9. 0-0 Ng7 10. f4 Nd7 11. f5 Nf6 12. Bh3 Nfe8 13. Qd2 g5 14. a3 a5 15. Rb1 b6 16. Nb5 Bd7 17. Nec3 f6 18. Rf2 Nc7 19. Nxc7 Qxc7 20. Bf1 h6 21. Bd3 Rfb8 22. Qd1 Qd8 23. Bc2 Qe8 24. Be3 Bd8 25. h3 Bc7 26. Rh2 Qh5 27. Qxh5 Nxh5 28. h4 Ng7 29. hxg5 hxg5 30. Kf2 Kf7 31. Rbh1 Rg8 32. Ba4 Bxa4 33. Nxa4 Raf8 34. Rh7 Ke7 35. Nc3 Bb8 36. Nb5 Rf7 37. b4 axb4 38. axb4 Ne8 39. Rxf7+ Kxf7 40. Ra1 Ke7 41. Ra8 Ng7 42. Ra6 cxb4 43. Ke2 Rc8 44. Kd3 Ne8 45. Rxb6 Bc7 46. Rb7 Rb8 47. Rxb8 Bxb8 48. c5 Kd7 49. c6+ Kc8 50. Bb6 b3 51. g4 1-0

[Event "Thessaloniki op"]
[Site "Thessaloniki"]
[Date "2010.04.11"]
[Round "9"]
[White "Erofeev, Alexey"]
[Black "Thorsteinsson, Thorsteinn"]
[Result "1-0"]
[WhiteElo "2263"]
[BlackElo "2271"]
[PlyCount "61"]
[EventDate "2010.04.04"]
[EventType "swiss"]
[EventRounds "9"]
[EventCountry "GRE"]
[SourceTitle "CBM 135 Extra"]
[Source "ChessBase"]
[SourceDate "2010.05.04"]
[SourceVersion "1"]
[SourceVersionDate "2010.05.04"]
[SourceQuality "1"]

1. d4 d5 2. Bg5 c6 3. e3 Qb6 4. b3 Bf5 5. Nf3 Nd7 6. Bd3 Bxd3 7. Qxd3 e6 8. 0-0 Be7 9. Bxe7 Nxe7 10. c4 0-0 11. Nc3 Rad8 12. e4 dxe4 13. Nxe4 Nf6 14. Rad1 Nxe4 15. Qxe4 Qa5 16. Qe2 Qf5 17. Rd3 Ng6 18. g3 e5 19. Re1 exd4 20. Rxd4 Rxd4 21. Nxd4 Qf6 22. Qe4 Rd8 23. Nf5 Nf8 24. Qe7 Qxe7 25. Rxe7 Rd7 26. Rxd7 Nxd7 27. Nd6 Nc5 28. b4 Nd3 29. a3 a5 30. bxa5 Nc5 31. Nxb7 1-0

[Event "Thessaloniki op"]
[Site "Thessaloniki"]
[Date "2010.04.09"]
[Round "6"]
[White "Bezgodov, Alexei"]
[Black "Erofeev, Alexey"]
[Result "1-0"]
[WhiteElo "2497"]
[BlackElo "2263"]
[PlyCount "53"]
[EventDate "2010.04.04"]
[EventType "swiss"]
[EventRounds "9"]
[EventCountry "GRE"]
[SourceTitle "CBM 135 Extra"]
[Source "ChessBase"]
[SourceDate "2010.05.04"]
[SourceVersion "1"]
[SourceVersionDate "2010.05.04"]
[SourceQuality "1"]

1. e4 e6 2. d4 d5 3. Nc3 Bb4 4. e5 c5 5. Bd2 cxd4 6. Nb5 Bc5 7. b4 Be7 8. Qg4 g6 9. Nf3 Nc6 10. Nbxd4 h5 11. Qf4 Nh6 12. Nxc6 bxc6 13. Bd3 Nf5 14. 0-0 h4 15. Rad1 Qb6 16. c4 Ba6 17. b5 cxb5 18. cxd5 exd5 19. Bb4 Bxb4 20. Qxb4 Ne7 21. Rfe1 Rc8 22. Ng5 Nc6 23. Qf4 Nd8 24. e6 f5 25. Qe5 Rg8 26. Nh7 Ke7 27. Nf6 1-0

[Event "Saratov RSOCF Cup"]
[Site "Saratov"]
[Date "2010.01.26"]
[Round "8"]
[White "Erofeev, Alexey"]
[Black "Upolovnev, Vladimir"]
[Result "0-1"]
[WhiteElo "2278"]
[BlackElo "1888"]
[PlyCount "84"]
[EventDate "2010.01.19"]
[EventType "swiss"]
[EventRounds "9"]
[EventCountry "RUS"]
[SourceTitle "CBM 134 Extra"]
[Source "ChessBase"]
[SourceDate "2010.03.03"]
[SourceVersion "1"]
[SourceVersionDate "2010.03.03"]
[SourceQuality "1"]

1. e4 Nf6 2. e5 Nd5 3. c4 Nb6 4. d4 d6 5. exd6 cxd6 6. Nc3 g6 7. Be3 Bg7 8. Nf3 0-0 9. Be2 Bg4 10. h3 Bxf3 11. Bxf3 Nc6 12. Be2 Rc8 13. 0-0 e5 14. d5 Ne7 15. b3 Nf5 16. Rc1 Nxe3 17. fxe3 f5 18. g4 Qg5 19. e4 fxg4 20. hxg4 Qe3+ 21. Kg2 Bh6 22. Qd3 Qxd3 23. Bxd3 Bxc1 24. Rxc1 Rf4 25. Be2 a6 26. Rf1 Rcf8 27. Rxf4 Rxf4 28. Bf3 Nd7 29. Ne2 Rf8 30. g5 Nc5 31. Nc1 a5 32. Kg3 Kg7 33. Kg2 h6 34. gxh6+ Kxh6 35. a3 a4 36. b4 Nb3 37. Nd3 Rxf3 38. Kxf3 Nd2+ 39. Ke2 Nxc4 40. b5 Kg5 41. Kf3 Nxa3 42. b6 Nc4 0-1

[Event "Moscow op-B"]
[Site "Moscow"]
[Date "2009.02.07"]
[Round "8"]
[White "Kavalenia, Leonid"]
[Black "Erofeev, Alexey"]
[Result "0-1"]
[WhiteElo "2295"]
[BlackElo "2195"]
[PlyCount "126"]
[EventDate "2009.01.31"]
[EventType "swiss"]
[EventRounds "9"]
[EventCountry "RUS"]
[SourceTitle "EXT 2012"]
[Source "ChessBase"]
[SourceDate "2011.11.24"]
[SourceVersion "1"]
[SourceVersionDate "2011.11.24"]
[SourceQuality "1"]

1. d4 Nf6 2. Nf3 g6 3. c4 Bg7 4. Nc3 0-0 5. e4 d6 6. Be2 e5 7. d5 a5 8. 0-0 Na6 9. Ne1 Nc5 10. Qc2 Ne8 11. Be3 f5 12. f3 f4 13. Bf2 Rf7 14. a3 Bd7 15. Nd3 Nxd3 16. Bxd3 a4 17. c5 dxc5 18. Bxc5 Nd6 19. Rac1 g5 20. Na2 g4 21. fxg4 Bxg4 22. Be2 Qg5 23. Bf3 Bf8 24. Qe2 Bd7 25. Nb4 Bb5 26. Nd3 Ra6 27. Rc3 Rg7 28. Rfc1 b6 29. Bf2 Ne8 30. Qd2 Bd6 31. Nb4 Ra8 32. Nc6 Nf6 33. b4 axb3 34. Rxb3 Ba4 35. Rbc3 Ng4 36. h3 Nxf2 37. Qxf2 Bb5 38. Kh1 Ra4 39. Qb2 Bxc6 40. dxc6 Kh8 41. Rd1 Qe7 42. Qb5 Ra5 43. Qc4 Rg8 44. Rd5 Ra7 45. a4 Qh4 46. Rd1 Raa8 47. Rcd3 Bc5 48. Rd7 Rg3 49. Qe6 Bd6 50. Bg4 Re3 51. Rf1 Re1 52. Qc4 Rxa4 53. Qd3 Rxf1+ 54. Qxf1 Rxe4 55. Qf3 Re3 56. g3 Rxf3 57. gxh4 Rc3 58. h5 h6 59. Kg2 e4 60. Bf5 f3+ 61. Kf2 Bc5+ 62. Kg3 f2+ 63. Kg2 Rc1 0-1

[Event "Zvenigorod Autumn op-B"]
[Site "Zvenigorod"]
[Date "2008.09.25"]
[Round "2"]
[White "Palkovich, Denis"]
[Black "Erofeev, Alexey"]
[Result "0-1"]
[WhiteElo "2226"]
[BlackElo "2150"]
[PlyCount "42"]
[EventDate "2008.09.25"]
[EventType "swiss"]
[EventRounds "9"]
[EventCountry "RUS"]
[SourceTitle "EXT 2022"]
[Source "ChessBase"]
[SourceDate "2021.10.06"]
[SourceVersion "1"]
[SourceVersionDate "2021.10.06"]
[SourceQuality "1"]

1. e4 e6 2. d4 d5 3. e5 c5 4. Qg4 Qc7 5. Nf3 cxd4 6. Bd3 Nc6 7. 0-0 Nxe5 8. Nxe5 Qxe5 9. Bf4 Nf6 10. Qf3 Qh5 11. Bb5+ Kd8 12. Qg3 Bd7 13. Bb8 e5 14. Bxe5 Bxb5 15. Re1 Ne4 16. Qf4 f6 17. Bc7+ Kc8 18. c4 g5 19. Qf5+ Bd7 20. Qxd5 Kxc7 21. Qa5+ b6 0-1

[Event "Minsk op"]
[Site "Minsk"]
[Date "2008.07.10"]
[Round "1"]
[White "Teterev, Vitaly"]
[Black "Erofeev, Alexey"]
[Result "1-0"]
[WhiteElo "2506"]
[BlackElo "2119"]
[PlyCount "116"]
[EventDate "2008.07.10"]
[EventType "swiss"]
[EventRounds "9"]
[EventCountry "BLR"]
[SourceTitle "CBM 125 Extra"]
[Source "ChessBase"]
[SourceDate "2008.09.01"]
[SourceVersion "1"]
[SourceVersionDate "2008.09.01"]
[SourceQuality "1"]

1. e4 e6 2. d3 d5 3. Nd2 Nf6 4. Ngf3 Nc6 5. c3 a5 6. Be2 Bc5 7. d4 Be7 8. Bd3 dxe4 9. Nxe4 0-0 10. Qe2 Nxe4 11. Qxe4 f5 12. Qe2 Qd6 13. g3 Bf6 14. Bf4 Qe7 15. h4 Re8 16. 0-0 h6 17. Ne5 Bxe5 18. Bxe5 Nxe5 19. Qxe5 Qd6 20. Rfe1 Qxe5 21. Rxe5 Kf7 22. Bb5 c6 23. Bc4 Kf6 24. Rae1 Bd7 25. Kg2 g5 26. Rh1 b6 27. hxg5+ hxg5 28. Rh7 Rad8 29. g4 b5 30. Be2 Rh8 31. Rxh8 Rxh8 32. Bf3 fxg4 33. Bxg4 a4 34. a3 Rh4 35. Bf3 Rf4 36. Kg3 Be8 37. Be4 Rh4 38. Bg2 Rf4 39. Bh3 Bd7 40. Bg4 Bc8 41. Re1 c5 42. d5 b4 43. dxe6 Ke7 44. f3 bxc3 45. bxc3 Rc4 46. Re3 Bb7 47. Kf2 Bd5 48. Re5 Bc6 49. Rxg5 Rxc3 50. f4 Be8 51. Rg7+ Kf6 52. Rg8 Ke7 53. f5 Rxa3 54. f6+ Kxf6 55. Rxe8 Ra2+ 56. Ke3 a3 57. Rf8+ Ke7 58. Rf7+ Ke8 1-0

[Event "Moscow op"]
[Site "Moscow"]
[Date "2008.05.07"]
[Round "7"]
[White "Erofeev, Alexey"]
[Black "Lagashin, Pavel"]
[Result "1-0"]
[WhiteElo "2119"]
[BlackElo "2032"]
[PlyCount "63"]
[EventDate "2008.04.30"]
[EventType "swiss"]
[EventRounds "9"]
[EventCountry "RUS"]
[SourceTitle "CBM 124 Extra"]
[Source "ChessBase"]
[SourceDate "2008.07.03"]
[SourceVersion "1"]
[SourceVersionDate "2008.07.03"]
[SourceQuality "1"]

1. Nf3 d5 2. d4 Nf6 3. g3 c6 4. Bg2 Bg4 5. 0-0 e6 6. c4 Bd6 7. Nbd2 0-0 8. b3 Nbd7 9. Bb2 Re8 10. Ne5 Bh5 11. h3 Qc7 12. f4 c5 13. g4 Bg6 14. e3 Nf8 15. g5 Ne4 16. cxd5 Ng3 17. Re1 Bxe5 18. dxe5 exd5 19. Qg4 Qa5 20. Nf3 Nf5 21. h4 h5 22. gxh6 Nxh6 23. Qg3 Ne6 24. h5 Bxh5 25. Nh4 Qd2 26. Rab1 Qd3 27. Bh3 Nd4 28. Qg5 Ne2+ 29. Kf2 Qd2 30. Nf3 Nxf4+ 31. Kg3 Nd3 32. Nxd2 1-0

[Event "Moscow op"]
[Site "Moscow"]
[Date "2008.05.04"]
[Round "5"]
[White "Erofeev, Alexey"]
[Black "Cherny, Oleg"]
[Result "1-0"]
[WhiteElo "2119"]
[BlackElo "2067"]
[PlyCount "73"]
[EventDate "2008.04.30"]
[EventType "swiss"]
[EventRounds "9"]
[EventCountry "RUS"]
[SourceTitle "CBM 124 Extra"]
[Source "ChessBase"]
[SourceDate "2008.07.03"]
[SourceVersion "1"]
[SourceVersionDate "2008.07.03"]
[SourceQuality "1"]

1. d4 d5 2. Bg5 Nf6 3. Bxf6 exf6 4. e3 Bd6 5. c4 c6 6. Nc3 dxc4 7. Bxc4 b5 8. Bd3 0-0 9. Nf3 f5 10. Qc2 Qf6 11. 0-0 b4 12. Na4 Re8 13. Rac1 g6 14. Rfd1 Be6 15. Bc4 Bd5 16. Bxd5 cxd5 17. Nc5 a5 18. Qb3 Ra7 19. Qxd5 Rae7 20. Nb7 Rd7 21. Nxd6 Rxd6 22. Qxa5 Nc6 23. Qc5 f4 24. Re1 Ra8 25. Ne5 Ra5 26. Qb6 Rxe5 27. dxe5 Nxe5 28. Qb8+ Kg7 29. Rcd1 Nd3 30. Rf1 f3 31. Qb7 fxg2 32. Qxg2 Qxb2 33. f4 Qc3 34. Qe2 Qc4 35. Rd2 Qe4 36. Qf3 Qe6 37. Kh1 1-0

[Event "Moscow Victory Day op"]
[Site "Moscow"]
[Date "2008.05.02"]
[Round "3"]
[White "Erofeev, Alexey"]
[Black "Vasiliev, Oleg"]
[Result "1-0"]
[WhiteElo "2119"]
[BlackElo "2007"]
[PlyCount "61"]
[EventDate "2008.04.30"]
[EventType "swiss"]
[EventRounds "9"]
[EventCountry "RUS"]
[SourceTitle "EXT 2022"]
[Source "ChessBase"]
[SourceDate "2021.10.06"]
[SourceVersion "1"]
[SourceVersionDate "2021.10.06"]
[SourceQuality "1"]

1. d4 Nf6 2. Bg5 c5 3. d5 h6 4. Bxf6 gxf6 5. g3 d6 6. Bg2 Bg7 7. c3 f5 8. Nf3 Nd7 9. 0-0 0-0 10. a4 a6 11. Na3 Rb8 12. Nc4 Nb6 13. Nfd2 Nxc4 14. Nxc4 b5 15. axb5 axb5 16. Na5 Bd7 17. e4 fxe4 18. Bxe4 b4 19. Qd2 bxc3 20. bxc3 Qc7 21. f4 Rb5 22. Nc4 Rb3 23. Rf3 Rfb8 24. f5 R8b4 25. cxb4 Bd4+ 26. Kg2 Rxb4 27. Ra8+ Kg7 28. Rf4 Bf6 29. Rg4+ Kh7 30. Rh4 Bc8 31. Qxh6+ 1-0

[Event "Moscow op-B 04th"]
[Site "Moscow"]
[Date "2008.02.06"]
[Round "5"]
[White "Borsuk, Konstantin"]
[Black "Erofeev, Alexey"]
[Result "1-0"]
[WhiteElo "2297"]
[BlackElo "2148"]
[PlyCount "77"]
[EventDate "2008.02.02"]
[EventType "swiss"]
[EventRounds "9"]
[EventCountry "RUS"]
[SourceTitle "CBM 122 Extra"]
[Source "ChessBase"]
[SourceDate "2008.03.04"]
[SourceVersion "1"]
[SourceVersionDate "2008.03.04"]
[SourceQuality "1"]

1. d4 Nf6 2. c4 g6 3. Nc3 Bg7 4. e4 d6 5. f3 0-0 6. Be3 c5 7. d5 e6 8. Qd2 exd5 9. cxd5 Re8 10. Nge2 a6 11. a4 Nbd7 12. Nc1 Rb8 13. Be2 h6 14. 0-0 g5 15. Nb3 Ne5 16. a5 Nh5 17. Ra3 Nf4 18. Bxf4 gxf4 19. Qxf4 b5 20. Nd1 Bd7 21. Qg3 c4 22. Nd2 f5 23. f4 Nf7 24. Bh5 Qf6 25. Re3 fxe4 26. Nxe4 Rxe4 27. Rxe4 Bf5 28. Rfe1 Bxe4 29. Rxe4 Qf5 30. Bg6 Qxd5 31. Ne3 Qd2 32. Nf5 Qc1+ 33. Re1 Qxb2 34. Bxf7+ Kxf7 35. Nxg7 Rg8 36. Qg4 Qd4+ 37. Kh1 c3 38. Qd7+ Kg6 39. Qf5+ 1-0